| 000 | 00983cam a2200325 a 4500 | ||
|---|---|---|---|
| 001 | 6762770 | ||
| 003 | OSt | ||
| 005 | 20170105101202.0 | ||
| 008 | 070619s2007 at a b 001 0 eng d | ||
| 020 | _a9781741146813 | ||
| 020 | _a174114681X | ||
| 024 | _a40015439644 | ||
| 035 | _a(OCoLC)ocn174087811 | ||
| 035 | _a(NNC)6762770 | ||
| 040 |
_aNz _cZ5A _dBTCTA _dBAKER _dYDXCP _dNhCcYBP |
||
| 043 | _au-at--- | ||
| 050 | 4 |
_aHM1221 _b.J64 2007 |
|
| 082 | 0 | 4 |
_a659.20994 _222 |
| 100 | 1 |
_aJohnston, Jane, _d1961- |
|
| 245 | 1 | 0 |
_aMedia relations : _bissues and strategies / _cJane Johnston. |
| 260 |
_aCrow's Nest, NSW : _bAllen & Unwin, _c2007. |
||
| 300 |
_aviii, 264 p. : _bill. ; _c23 cm. |
||
| 504 | _aIncludes bibliographical references (p. 247-255) and index. | ||
| 650 | 0 |
_aMass media _zAustralia. |
|
| 650 | 0 |
_aMass media and business _zAustralia. |
|
| 650 | 0 |
_aPublic relations _zAustralia. |
|
| 942 |
_2ddc _cBK |
||
| 948 | 1 |
_a20080724 _bc _csds12 _dMPS |
|
| 999 |
_c2814 _d2814 |
||